Statistics for Countries that Beat Portugal

Click here to take the quiz!

General Stats

  • This quiz has been taken 28,514 times
    (28,164 since last reset)
  • The average score is 12 of 14

Answer Stats

RankCategoryCountries% Correct
5Southernmost European countryGreece | Italy | Malta | Spain
100%
6Most populous country which borders
only one other country
United Kingdom | South Korea | Canada |
Haiti | Dominican Republic
96%
3Greatest number of native Portuguese speakersBrazil | Angola
93%
3European country whose capital
city is furthest from other European capitals
Iceland | Russia
93%
6European country with the highest % of CatholicsVatican City | San Marino | Malta |
Andorra | Croatia | Poland
92%
5Most populous country starting with PPakistan | Philippines | Poland | Peru
91%
2Largest country on the Iberian peninsulaSpain
91%
6Most wine production per-capitaSpain | Italy | France | Chile | New Zealand
90%
2Westernmost capital city in EuropeIceland
89%
8Earliest legalization of same sex marriageNetherlands | Belgium | Spain | Canada |
South Africa | Norway | Sweden
88%
9Oldest average age of citizensMonaco | Japan | Germany | Italy | Andorra |
Greece | San Marino | Slovenia
87%
9Most wins in the men's FIFA World Cup
without a title
Netherlands | Belgium | Sweden | Russia |
Serbia | Mexico | Poland | Hungary
83%
2Poorest European country that was
never communist (2020, PPP)
Greece
70%
8Lowest fertility rateSingapore | Taiwan | South Korea |
Bosnia and Herzegovina |
Greece | Poland | Romania
64%

Score Distribution

Percentile by Number Answered

Percent of People with Each Score

Your Score History

You have not taken this quiz since the last reset